Vista normal
Vista MARC
Entrada Personal Name
Número de registros utilizados en: 1
001 - CONTROL NUMBER
- control field: 8871
003 - CONTROL NUMBER IDENTIFIER
- control field: DLC
005 - DATE AND TIME OF LATEST TRANSACTION
- control field: 20190130154113.0
008 - FIXED-LENGTH DATA ELEMENTS
- fixed length control field: 140402n| azannaabn |n aaa c
010 ## - LIBRARY OF CONGRESS CONTROL NUMBER
- LC control number: ns2014001354
035 ## - SYSTEM CONTROL NUMBER
- System control number: (CaEvSKY)skya10440427
040 ## - CATALOGING SOURCE
- Original cataloging agency: MX-SlUA
- Language of cataloging: spa
- Description conventions: rda
- Transcribing agency: Mx-PuUPA
- Modifying agency: Mx-PuUPA
100 1# - HEADING--PERSONAL NAME
- Personal name: Ortiz G., Lourdes,
372 ## - FIELD OF ACTIVITY
- Field of activity: Administración de empresas
374 ## - OCCUPATION
- Occupation: Autor
375 ## - GENDER
- Gender: mujer
377 ## - ASSOCIATED LANGUAGE
- Language code: spa
670 ## - SOURCE DATA FOUND
- Source citation: Glosario de términos administrativos español-inglés, inglés-español con su significado en español, 1985:
- Information found: title page (Lourdes Ortiz G.)
670 ## - SOURCE DATA FOUND
- Source citation: Biblioteca del congreso (Estados Unidos), 30 enero 2019:
- Information found: catálogo electrónico
- Uniform Resource Identifier: https://goo.gl/hk3Xgh